000 00550nam a22001937a 4500
001 00028737
005 20260414135328.0
008 260409b ag ||||| |||| 00| 0 spa d
020 _a9789870709312
040 _bspa
_cAR-CcCEOS
080 _a950
090 _bCOL
100 _aPABLO COLAZO
_91038
245 _aHistoria ilustrada para los chicos de hoy :
_bTomo 5 : civilizaciones de Asia /
_cPablo Colazo
260 _aBuenos Aires :
_bArte Gráfico,
_c2010.
300 _av. 5, 48 p. ;
_c27x23 cm.
650 0 _ahistoria
942 _2udc
_cBK
999 _c28772
_d28772
945 _c66467
_dMelina Rolando